[Event "CZE-ch U16 Girls"]
[Site "Kouty nad Desnou"]
[Date "2024.03.12"]
[Round "5"]
[White "Dudkova, Josefina"]
[Black "Kaplanova, Dominika"]
[Result "1/2-1/2"]
[WhiteElo "1796"]
[BlackElo "1837"]
[PlyCount "52"]
[EventDate "2024.03.09"]
[EventType "swiss"]
[EventRounds "9"]
[EventCountry "CZE"]
[SourceTitle "CB12_2024"]
[SourceDate "2023.10.01"]
[SourceVersion "1"]
[SourceVersionDate "2023.10.01"]
[SourceQuality "1"]

1. Nf3 Nf6 2. d4 d5 3. e3 Bf5 4. b3 e6 5. Bb2 Bd6 6. c4 c6 7. Nbd2 Ne4 8. Nxe4 Bxe4 9. c5 Bc7 10. b4 0-0 11. Bd3 Bg6 12. 0-0 b6 13. a4 a5 14. b5 cxb5 15. axb5 Nd7 16. Bxg6 fxg6 17. Qc2 Rxf3 18. gxf3 Bxh2+ 19. Kxh2 Qh4+ 20. Kg2 Qg5+ 21. Kh2 Qh5+ 22. Kg2 Qg5+ 23. Kh2 Qh5+ 24. Kg2 Qg5+ 25. Kh2 Qh4+ 26. Kg2 Qg5+ 1/2-1/2

[Event "CZE-ch U16 Girls"]
[Site "Teplice"]
[Date "2023.03.15"]
[Round "6"]
[White "Dudkova, Josefina"]
[Black "Havelkova, Beata"]
[Result "0-1"]
[WhiteElo "1519"]
[BlackElo "1670"]
[PlyCount "88"]
[EventDate "2023.03.11"]
[EventType "swiss"]
[EventRounds "9"]
[EventCountry "CZE"]
[SourceTitle "CBM 213 Extra"]
[Source "ChessBase"]
[SourceDate "2023.05.31"]
[SourceVersion "1"]
[SourceVersionDate "2023.05.31"]
[SourceQuality "1"]

1. d4 Nf6 2. Bf4 g6 3. Nc3 Bg7 4. Qd2 d6 5. 0-0-0 Nbd7 6. e4 h6 7. Bc4 g5 8. Bg3 Nb6 9. Bb3 Be6 10. Bxe6 fxe6 11. h4 Nh5 12. Qe2 Nxg3 13. fxg3 Kd7 14. d5 Qg8 15. hxg5 Bxc3 16. bxc3 Qxg5+ 17. Qd2 Rag8 18. Qxg5 Rxg5 19. dxe6+ Kxe6 20. Ne2 Kd7 21. Rdf1 Ra5 22. Kb1 Nc4 23. Rf4 Re5 24. Kc1 Ne3 25. Rh2 Rh7 26. Nd4 Ra5 27. Kb2 e5 28. Nb3 Nc4+ 29. Kb1 exf4 30. Nxa5 Nxa5 31. gxf4 Nc4 32. Kc1 Re7 33. Kd1 Rxe4 34. g3 Ne3+ 35. Kc1 Nf1 36. Rg2 Ke6 37. Rg1 Nh2 38. Rh1 Ng4 39. Rh4 Kf5 40. Rh5+ Kg6 41. Rh4 h5 42. Kd2 Ra4 43. f5+ Kg5 44. f6 Ra5 0-1

[Event "CZE-ch U14 Girls"]
[Site "Luhacovice"]
[Date "2022.03.14"]
[Round "4"]
[White "Dudkova, Josefina"]
[Black "Rybackova, Lucie"]
[Result "0-1"]
[WhiteElo "1545"]
[BlackElo "1617"]
[PlyCount "64"]
[EventDate "2022.03.12"]
[EventType "swiss"]
[EventRounds "9"]
[EventCountry "CZE"]
[SourceTitle "EXT 2023"]
[Source "ChessBase"]
[SourceDate "2022.10.05"]
[SourceVersion "1"]
[SourceVersionDate "2022.10.05"]
[SourceQuality "1"]

1. e4 c6 2. d4 d5 3. exd5 cxd5 4. c4 Nf6 5. Nc3 g6 6. h3 Bg7 7. Nf3 0-0 8. Be2 Nc6 9. 0-0 Bf5 10. Bf4 Rc8 11. c5 Ne4 12. Rc1 Nxc3 13. Rxc3 e5 14. Nxe5 Nxe5 15. Bxe5 Bxe5 16. dxe5 d4 17. Rc4 d3 18. Bf3 Qe7 19. Re1 b5 20. Rc3 Rxc5 21. Rxc5 Qxc5 22. g4 Be6 23. Qxd3 Qb4 24. Qc3 Qxc3 25. bxc3 Rc8 26. Rc1 Bxa2 27. Be2 b4 28. c4 b3 29. Bd3 b2 30. Rd1 Rb8 31. Bb1 Bxb1 32. Rxb1 a5 0-1

[Event "Ceske Budejovice op-B"]
[Site "Ceske Budejovice"]
[Date "2020.07.06"]
[Round "6"]
[White "Martirosyan, David"]
[Black "Dudkova, Josefina"]
[Result "0-1"]
[WhiteElo "1560"]
[BlackElo "1447"]
[PlyCount "60"]
[EventDate "2020.07.01"]
[EventType "swiss"]
[EventRounds "9"]
[EventCountry "CZE"]
[SourceTitle "CBM 197 Extra"]
[Source "ChessBase"]
[SourceDate "2020.09.30"]
[SourceVersion "1"]
[SourceVersionDate "2020.09.30"]
[SourceQuality "1"]

1. e4 d5 2. exd5 Nf6 3. d4 Bg4 4. Be2 Bxe2 5. Nxe2 Qxd5 6. 0-0 Nc6 7. Nbc3 Qf5 8. Bf4 0-0-0 9. Bg3 g5 10. h3 h5 11. f3 Qg6 12. Qd2 e5 13. Rad1 Nxd4 14. Nxd4 Rxd4 15. Qe2 Bc5 16. Kh1 Re8 17. Ne4 Nxe4 18. fxe4 a6 19. Rxd4 Bxd4 20. c3 Bb6 21. Rf5 f6 22. Bf2 Bxf2 23. Qxf2 Re6 24. Qa7 Rb6 25. b3 g4 26. h4 g3 27. Qa8+ Kd7 28. Qf8 Rd6 29. Rf1 Rd2 30. Qc5 Qxe4 0-1

[Event "Ceske Budejovice op-B"]
[Site "Ceske Budejovice"]
[Date "2020.07.01"]
[Round "1"]
[White "Dudkova, Josefina"]
[Black "Hlavsa, Filip"]
[Result "0-1"]
[WhiteElo "1447"]
[BlackElo "1886"]
[PlyCount "64"]
[EventDate "2020.07.01"]
[EventType "swiss"]
[EventRounds "9"]
[EventCountry "CZE"]
[SourceTitle "CBM 197 Extra"]
[Source "ChessBase"]
[SourceDate "2020.09.30"]
[SourceVersion "1"]
[SourceVersionDate "2020.09.30"]
[SourceQuality "1"]

1. e4 d6 2. d4 Nf6 3. Nc3 Nbd7 4. Nf3 e5 5. Bc4 Be7 6. 0-0 0-0 7. Bg5 c6 8. dxe5 dxe5 9. Re1 b5 10. Bb3 Qc7 11. a3 Nc5 12. Ba2 Bg4 13. b4 Ne6 14. Bh4 Rad8 15. Qe2 Nd4 16. Qe3 Nxc2 17. Qe2 Nd4 18. Qe3 Bxf3 19. gxf3 Nc2 20. Qe2 Nxa1 21. Rxa1 Nh5 22. Bg3 Bg5 23. h4 Bf4 24. Bxf4 Nxf4 25. Qe1 Qe7 26. Qf1 Qxh4 27. Ne2 Rd6 28. Ng3 Rh6 29. Qd1 Rd8 30. Qc2 Qh2+ 31. Kf1 Rd1+ 32. Qxd1 Qh1+ 0-1